| 000 | 00898nam a2200277 i 4500 | ||
|---|---|---|---|
| 001 | 107359 | ||
| 003 | ES-MaACL | ||
| 005 | 20250824034238.0 | ||
| 007 | t| | ||
| 008 | 070109s1958 it ||||1| ita d | ||
| 080 | _a792.56(450.721) | ||
| 100 | 1 |
_aTintori, Giampiero. _9110316 |
|
| 245 | 1 | 2 |
_aL'opera napoletana / _cGiampiero Tintori. |
| 250 | _a1ª ed. | ||
| 260 |
_aGenova : _bRicordi & C. Milano, _c1958. |
||
| 300 |
_a301 p. ; _c17 cm. |
||
| 490 | 1 | _aPiccola biblioteca Ricordi | |
| 500 | _aBiblioteca Jacinto Martínez Lacalle. | ||
| 650 | 4 |
_aÓpera- _zNápoles (Italia) _917378 |
|
| 830 | 0 |
_aPiccola biblioteca Ricordi _9232892 |
|
| 852 |
_aES-MaACL _jE-11519 _9R.139568 _cDEPO2 _xLegado: Jacinto Martínez Lacalle |
||
| 903 |
_9139376 _aMartínez Lacalle, Jacinto _ednr _q1 |
||
| 942 |
_2udc _cMONOGRAFIA |
||
| 999 |
_c107359 _d107359 |
||